The NHL Teams of Jaromir Jagr - Statistics

General Stats
  • This quiz has been taken 34 times
  • The average score is 8 of 9
Answer Stats
SC Years Answer % Correct
2 1990-2001 Pittsburgh Penguins
100%
2017-2018 Calgary Flames
94%
2015-2017 Florida Panthers
94%
2004-2008 New York Rangers
94%
2013 Boston Bruins
87%
2001-2004 Washington Capitals
87%
2012-2013 Dallas Stars
84%
2011-2012 Philadelphia Flyers
84%
2013-2015 New Jersey Devils
81%
No matching quizzes found
Score Distribution
Percent of People with Each Score
Percentile by Number Answered
Your Score History
You have not taken this quiz